000 00351nam a2200133Ia 4500
008 240624s9999 xx 000 0 und d
041 _aeng
082 _a330.015195 CHA
100 _aCHATTERJEE ARNAB
245 _aECONOPHYSICS OF MARKETS AND BUSINESS NET
260 _c2007
_aNew York
_bSpringer
300 _axii, 266 p,: 23 cm.
365 _cERU
_b38
999 _c31103
_d31103